01155cam a22002891 4500001001300000003000400013005001700017008004100034010001700075035001800092040008200110042001200192050002200204082001100226086001900237111008600256245007700342260016300419300002500582410008200607500001600689650004100705650001500746700004600761710004100807999001700848hew66000070 DLC20260227111515.0720329s1966 dcu f100 0 eng c ahew66000070  a(OCoLC)272738 aU.S. Dept. of Health, Education, and Welfare. LibrarycODaWUdOCoLCdISSdDLC apremarc00aLB1051b.W76 1963 a153.150 aFS 5.212:120192 aWorking Conference on Research on Children's Learningd(1963 :cCambridge, Mass.)10aLearning about learning:ba conference report.cEdited by Jerome Bruner. a[Washington]bU.S. Dept. of Health, Education, and Welfare, Office of Education;b[for sale by the Superintendent of Documents, U.S. Govt. Print. Off.,c1966] aviii, 276 p.c24 cm.10aUnited States.bOffice of Education.tCooperative research monograph,vno. 15 a"OE-12019." 0aLearning, Psychology ofvCongresses. 0aEducation.1 aBruner, Jerome S.q(Jerome Seymour),eed.1 aUnited States.bOffice of Education. c34614d34614